Claude Berri or the thwarted destiny of a furrier’s son and grandson (notice n° 1816653)
[ vue normale ]
| 000 -LEADER | |
|---|---|
| fixed length control field | 01781cam a2200157 4500500 |
| 005 - DATE AND TIME OF LATEST TRANSACTION | |
| control field | 20260329002618.0 |
| 041 ## - LANGUAGE CODE | |
| Language code of text/sound track or separate title | fre |
| 042 ## - AUTHENTICATION CODE | |
| Authentication code | dc |
| 100 10 - MAIN ENTRY--PERSONAL NAME | |
| Personal name | Levy, Ophir |
| Relator term | author |
| 245 00 - TITLE STATEMENT | |
| Title | Claude Berri or the thwarted destiny of a furrier’s son and grandson |
| 260 ## - PUBLICATION, DISTRIBUTION, ETC. | |
| Date of publication, distribution, etc. | 2024.<br/> |
| 500 ## - GENERAL NOTE | |
| General note | 63 |
| 520 ## - SUMMARY, ETC. | |
| Summary, etc. | In many ways, the career of director-producer Claude Berri is reminiscent of the founders of the great Hollywood studios. The son of a Jewish immigrant couple from Poland and Romania, Claude Beri Langmann was born in Paris in 1934. Breaking away from the professional environment of many modest Jews in Paris, including his father, Claude Berri drew on his own personal experience (hiding as a child during the war, spending his teenage years in his father’s fur workshop, torn between conformity to Jewish tradition and the pleasures of modern life) to make his first films : Le vieil homme et l’enfant (1967), Mazel Tov ou Le Mariage (1968), Le Cinéma de Papa (1970). Alongside his successful career as a filmmaker (Tchao Pantin, Jean de Florette, Manon des sources, Germinal), he became, through his company Renn Productions, the producer of films by leading auteurs (Garrel, Pialat, Polanski, Chéreau, Demy, Forman, Sautet) as well as huge popular successes (L’Ours, Les Trois frères, Astérix, Bienvenue chez les Ch’tis). While hoping to contribute to a better understanding of the extraordinary career of the famous filmmaker-producer, to whom no monograph has yet been devoted, this article highlights the importance of his Jewishness in his artistic and professional career. |
| 786 0# - DATA SOURCE ENTRY | |
| Note | Archives Juives | 57 | 2 | 2024-10-17 | p. 69-91 |
| 856 41 - ELECTRONIC LOCATION AND ACCESS | |
| Uniform Resource Identifier | <a href="https://shs.cairn.info/journal-archives-juives-2024-2-page-69?lang=en&redirect-ssocas=7080">https://shs.cairn.info/journal-archives-juives-2024-2-page-69?lang=en&redirect-ssocas=7080</a> |
Pas d'exemplaire disponible.




Réseaux sociaux